ՀՀ Գիտությունների ազգային ակադեմիայի հիմնարար գիտական գրադարան  =   Fundamental Scientific Library of NAS RA

Типологические исследования : (Record no. 211229)

MARC details
000 -LEADER
fixed length control field 01267nam a2200265 u 4500
001 - CONTROL NUMBER
control field 000549964
003 - CONTROL NUMBER IDENTIFIER
control field AM-YeHGA
005 - DATE AND TIME OF LATEST TRANSACTION
control field 20250617140007.0
008 - FIXED-LENGTH DATA ELEMENTS--GENERAL INFORMATION
fixed length control field 070912s1988 ||| r 000 0 rus d
040 ## - CATALOGING SOURCE
Original cataloging agency AM-YeHGA
041 0# - LANGUAGE CODE
Language code of text/sound track or separate title geo
-- rus
090 ## - LOCALLY ASSIGNED LC-TYPE CALL NUMBER (OCLC); LOCAL CALL NUMBER (RLIN)
-- 212738
245 00 - TITLE STATEMENT
Title Типологические исследования :
Remainder of title [Сборник] /
Statement of responsibility, etc. АН СССР, Ин-т востоковедения ; Ред. В. Ахвледиани.
260 ## - PUBLICATION, DISTRIBUTION, ETC.
Place of publication, distribution, etc. Тбилиси :
Name of publisher, distributor, etc. Мецниереба,
Date of publication, distribution, etc. 1988.
300 ## - PHYSICAL DESCRIPTION
Extent 110 с. :
Other physical details ил.
504 ## - BIBLIOGRAPHY, ETC. NOTE
Bibliography, etc. note Библиогр. в конце ст.
546 ## - LANGUAGE NOTE
Language note Груз., рус.
653 0# - INDEX TERM--UNCONTROLLED
Uncontrolled term Армянский язык - Фонетика экспериментальная
653 0# - INDEX TERM--UNCONTROLLED
Uncontrolled term Грузинский язык - Фонетика экспериментальная
653 0# - INDEX TERM--UNCONTROLLED
Uncontrolled term Согласные звуки в армянском языке - Сравнительное изучение
653 0# - INDEX TERM--UNCONTROLLED
Uncontrolled term Согласные звуки в грузинском языке - Сравнительное изучение
700 1# - ADDED ENTRY--PERSONAL NAME
Personal name Ахвледиани, В.
Relator term ред.
Relationship edt
710 2# - ADDED ENTRY--CORPORATE NAME
Corporate name or jurisdiction name as entry element Академия наук СССР
710 2# - ADDED ENTRY--CORPORATE NAME
Corporate name or jurisdiction name as entry element Институт востоковедения им. Г. Церетели
Holdings
Withdrawn status Lost status Damaged status Not for loan Collection Home library Current library Date acquired Total checkouts Full call number Barcode Date last seen Price effective from Koha item type Public note
        General Fundamental Scientific Library Fundamental Scientific Library 28/12/2016   РII/596706 120596706 28/12/2016 28/12/2016 Գրքեր / Books 30 Days Loan


ՀՀ ԳԱԱ հիմնարար գիտական գրադարան
ՀՀ,Երևան 0019
Մարշալ Բաղրամյան 24/6
հեռախոս:(374-10) 52-47-50
Հետադարձ կապ

All site content, except where otherwise noted, is licensed under a
Creative Commons License